000
00310nam a2200109Ia 4500
008
171204s9999 xx 000 0 und d
245
4
_a
The Working Garde Manger:
245
_c
Al Meyer
260
_c
2013
650
_x
Culinary Arts & Sciences with Lab
856
_u
http://down.ebook777.com/025/TheWorGarMan.pdf
999
_c
346629
_d
346629